| 000 | 00514nam a2200193Ia 4500 | ||
|---|---|---|---|
| 999 |
_c8304 _d8304 |
||
| 003 | OSt | ||
| 005 | 20201009120341.0 | ||
| 008 | 190216s9999||||xx |||||||||||||| ||und|| | ||
| 020 | _a9788126423910 | ||
| 040 | _coclc | ||
| 082 |
_a004 _bBAB/E |
||
| 100 |
_aBaburaj, P M _95530 |
||
| 245 | 0 |
_aEngane Malayalathil Blogam / _cP M Baburaj |
|
| 250 | _a1st Ed. | ||
| 260 |
_bD C Books Kerala, _c2009. _aKottayam: |
||
| 300 | _a123p | ||
| 650 | _aI T | ||
| 942 |
_cBK _2ddc _h004 _iBAB/E _k004 _mBAB/E |
||